[Event "SR 4. liga A21 2009/2010"]
[Site "?"]
[Date "2009.12.06"]
[Round "5.6"]
[White "Klimes, Karel"]
[Black "Pisecky, Jan"]
[Result "0-1"]
[WhiteElo "1531"]
[BlackElo "1537"]
[PlyCount "97"]
[EventDate "2010.??.??"]

1. e4 e5 2. Nf3 d6 3. Bc4 h6 4. c3 Nc6 5. d3 Na5 6. Nbd2 Nxc4 7. Nxc4 b5 8. Ne3
Nf6 9. a4 Bd7 10. axb5 Bxb5 11. c4 Bd7 12. Bd2 c5 13. b4 Be7 14. bxc5 O-O 15.
cxd6 Bxd6 16. O-O Ng4 17. h3 Nxe3 18. Bxe3 a5 19. Qc2 f5 20. c5 Bc7 21. Qc4+
Kh7 22. Bd2 Bc6 23. Bc3 Qe8 24. Rfd1 a4 25. Nh2 fxe4 26. dxe4 a3 27. Bb4 a2 28.
f3 Bb5 29. Qc2 Qf7 30. Ng4 Ba4 31. Qe2 Bxd1 32. Qxd1 Rfb8 33. Qe1 Qc4 34. Bc3
Qxc5+ 35. Kh2 Rb3 36. Bd2 Qd4 37. Bxh6 Bd8 38. Be3 Qc3 39. Qd1 Qd3 40. Qe1 Rb1
41. Qg3 Qf1 42. Qxe5 Ra5 43. Bc5 Qh1+ 44. Kg3 Qe1+ 45. Kh2 Bc7 46. Qxc7 Rxa1
47. Qe5 Rxc5 48. Qxc5 Qg1+ 49. Kg3 0-1

[Event "SR 4. liga A21 2009/2010"]
[Site "?"]
[Date "2009.12.06"]
[Round "5.6"]
[White "Tomasovic, Pavol"]
[Black "Hanzalik, Alojz"]
[Result "1/2-1/2"]
[WhiteElo "1401"]
[BlackElo "1408"]
[PlyCount "87"]
[EventDate "2010.??.??"]

1. e4 c5 2. Nf3 Nc6 3. d4 cxd4 4. Nxd4 a6 5. Be2 g6 6. O-O Bg7 7. c3 Nf6 8.
Nxc6 bxc6 9. e5 Nd5 10. f4 e6 11. Qd4 Ne7 12. Nd2 O-O 13. Nc4 Nf5 14. Qd3 Rb8
15. Nd6 Qb6+ 16. Kh1 Nxd6 17. Qxd6 Re8 18. Qd3 Bf8 19. b4 Rd8 20. Be3 Qb5 21.
Qxb5 axb5 22. a3 Ra8 23. c4 bxc4 24. Bxc4 Ba6 25. Bxa6 Rxa6 26. Rfc1 d6 27.
exd6 Rxd6 28. Bc5 Rd3 29. Bxf8 Kxf8 30. g3 Rdxa3 31. Rxa3 Rxa3 32. Rxc6 Ra7 33.
b5 Ke8 34. b6 Rb7 35. Rc8+ Kd7 36. Rh8 h5 37. Ra8 Kc6 38. Rd8 Kxb6 39. Kg2 Kc6
40. Rd3 Rd7 41. Rc3+ Kd6 42. Rd3+ Ke7 43. Ra3 f6 44. Ra5 1/2-1/2

[Event "SR 4. liga A21 2009/2010"]
[Site "?"]
[Date "2010.01.10"]
[Round "6.1"]
[White "Cerovsky, Marian"]
[Black "Slaby, Jozef"]
[Result "1-0"]
[WhiteElo "1732"]
[BlackElo "1963"]
[PlyCount "73"]
[EventDate "2010.??.??"]

1. e4 d6 2. Nc3 Nf6 3. Nf3 g6 4. Be2 Bg7 5. O-O O-O 6. d3 c5 7. Bd2 Nc6 8. Qc1
Bg4 9. h3 Bd7 10. Bh6 Rc8 11. Bxg7 Kxg7 12. Bd1 a6 13. Ne2 c4 14. Qd2 Qb6 15.
b3 cxd3 16. cxd3 Rc7 17. a3 Rfc8 18. b4 a5 19. Rb1 axb4 20. axb4 Ne5 21. Nfd4
Ra8 22. Kh2 Ra3 23. Rb3 Rxb3 24. Bxb3 Nc6 25. Nxc6 bxc6 26. f4 Qb5 27. Nd4 Qh5
28. Bd1 Qh6 29. Qe1 c5 30. bxc5 Rxc5 31. e5 dxe5 32. fxe5 Nd5 33. e6 Be8 34.
exf7 Bxf7 35. Qe5+ Kg8 36. Qb8+ Kg7 37. Ne6+ 1-0

[Event "SR 4. liga A21 2009/2010"]
[Site "?"]
[Date "2010.01.10"]
[Round "6.1"]
[White "Damborsky, Pavol"]
[Black "Vagovic, Milan"]
[Result "0-1"]
[WhiteElo "1667"]
[BlackElo "1654"]
[PlyCount "92"]
[EventDate "2010.??.??"]

1. c4 Nf6 2. Nc3 e6 3. g3 c6 4. Bg2 Bb4 5. e3 O-O 6. Nge2 Re8 7. a3 Ba5 8. O-O
Bb6 9. d4 d5 10. c5 Bc7 11. f4 Nbd7 12. b4 b5 13. Kh1 Nf8 14. Ng1 a5 15. Bd2
axb4 16. axb4 Rxa1 17. Qxa1 Bb7 18. Qb2 Qe7 19. Ra1 Ra8 20. Rxa8 Bxa8 21. Qa3
Qd8 22. Qa7 Ng4 23. Bf3 Nf6 24. Kg2 h6 25. Be1 Ng6 26. g4 Qc8 27. Bg3 Bb7 28.
h3 Bb8 29. Qa2 Qd7 30. Qc2 Bc8 31. Nge2 Ne7 32. Bh2 Nh7 33. Ng3 g6 34. Qd2 Nf6
35. e4 dxe4 36. Ngxe4 Nxe4 37. Nxe4 Kg7 38. Nc3 Nd5 39. Nxd5 exd5 40. Bg1 h5
41. f5 Qc7 42. Qf2 Qf4 43. gxh5 Bxf5 44. hxg6 fxg6 45. Qe1 Bxh3+ 46. Kxh3 Qxf3+
0-1

[Event "SR 4. liga A21 2009/2010"]
[Site "?"]
[Date "2010.01.10"]
[Round "6.1"]
[White "Kupkovic, Miroslav"]
[Black "Dubecky, Ladislav"]
[Result "1-0"]
[WhiteElo "1690"]
[BlackElo "1568"]
[PlyCount "99"]
[EventDate "2010.??.??"]

1. e4 e5 2. Nf3 d6 3. d4 exd4 4. Nxd4 Nf6 5. Nc3 Be7 6. h3 O-O 7. Be2 a6 8. O-O
c5 9. Nf3 Nc6 10. Bf4 Qc7 11. Re1 h6 12. Bf1 Be6 13. Nd5 Bxd5 14. exd5 Nb4 15.
c4 a5 16. a3 Na6 17. Bd3 Rfe8 18. Bc2 Rad8 19. Qd3 Nb8 20. g4 Nbd7 21. g5 hxg5
22. Bxg5 Nf8 23. Kh1 Nh5 24. Bxe7 Rxe7 25. Qf5 g6 26. Qg5 Rde8 27. Rg1 Re2 28.
Ba4 R8e4 29. Qxh5 Qe7 30. Qg5 Rxf2 31. Qxe7 Rxe7 32. Rge1 Rc7 33. Ng5 Rxb2 34.
Bb5 Kg7 35. Re3 f5 36. Rae1 Kf6 37. Ne6 Nxe6 38. Rxe6+ Kg5 39. Rxd6 f4 40. Rg1+
Kf5 41. Bd7+ Ke5 42. Re6+ Kd4 43. d6 Rxd7 44. Rd1+ Kxc4 45. Rxg6 Rh7 46. d7
Rxh3+ 47. Kg1 f3 48. d8=Q f2+ 49. Kg2 f1=Q+ 50. Kxf1 1-0

[Event "SR 4. liga A21 2009/2010"]
[Site "?"]
[Date "2010.01.10"]
[Round "6.1"]
[White "Pripko, Bystrik"]
[Black "Hanzalik, Alojz"]
[Result "1-0"]
[WhiteElo "1591"]
[BlackElo "1408"]
[PlyCount "71"]
[EventDate "2010.??.??"]

1. e4 c5 2. Nf3 d6 3. Nc3 e6 4. Bc4 Bd7 5. O-O Be7 6. a3 a6 7. d4 cxd4 8. Qxd4
f6 9. Bb3 Nc6 10. Qd1 Qc7 11. Bf4 Ne5 12. Nd4 Qc8 13. Nf3 Nf7 14. Be3 Ngh6 15.
h3 O-O 16. Na4 Bxa4 17. Bxa4 b5 18. Bb3 Kh8 19. Nd4 Nd8 20. Bxh6 gxh6 21. Qh5
Rg8 22. Qxh6 Rg6 23. Qe3 e5 24. Nf5 Bf8 25. Rad1 Qc5 26. Qd3 Nb7 27. Bd5 Rb8
28. b4 Qb6 29. Bf7 Rg5 30. h4 Rg4 31. g3 Qc7 32. Qf3 Rg7 33. Nxg7 Qxf7 34. Nf5
Qg6 35. Qc3 Qe8 36. Qc7 1-0

[Event "SR 4. liga A21 2009/2010"]
[Site "?"]
[Date "2010.01.10"]
[Round "6.1"]
[White "Slaby, Marian"]
[Black "Kovarik, Oto"]
[Result "1/2-1/2"]
[WhiteElo "1856"]
[BlackElo "2053"]
[PlyCount "69"]
[EventDate "2010.??.??"]

1. d4 d5 2. c4 e6 3. Nc3 Be7 4. Nf3 Nf6 5. e3 O-O 6. Bd3 dxc4 7. Bxc4 b6 8. O-O
Bb7 9. Qe2 c5 10. Rd1 Qc8 11. b3 a6 12. Bb2 b5 13. Bd3 Nc6 14. dxc5 Qc7 15. Ne4
Nb4 16. Nxf6+ gxf6 17. Bxh7+ Kxh7 18. Rd4 Qxc5 19. Rh4+ Kg7 20. Ne5 Rg8 21.
Qg4+ Kf8 22. Nd7+ Ke8 23. Nxc5 Rxg4 24. Rxg4 Bxc5 25. Bxf6 Nd5 26. Bb2 Ke7 27.
h4 Nf6 28. Rg5 Bb6 29. Ba3+ Ke8 30. Bc5 Bd8 31. Bd4 Kf8 32. Rc1 Ne4 33. Rh5 Nf6
34. Rg5 Ne4 35. Rh5 1/2-1/2

[Event "SR 4. liga A21 2009/2010"]
[Site "?"]
[Date "2010.01.10"]
[Round "6.2"]
[White "Bajcar, Pavol"]
[Black "Tomasovic, Pavol"]
[Result "1/2-1/2"]
[WhiteElo "1426"]
[BlackElo "1401"]
[PlyCount "45"]
[EventDate "2010.??.??"]

1. d4 d5 2. c4 e6 3. e3 Nf6 4. Nf3 Be7 5. Bd3 O-O 6. O-O Nbd7 7. Nc3 c6 8. b3
dxc4 9. Bxc4 Nd5 10. Nxd5 exd5 11. Bd3 Nf6 12. Bd2 Qc7 13. Re1 Bg4 14. Bf1 Bd6
15. g3 Qd7 16. Bg2 Qf5 17. Qe2 Ne4 18. Nh4 Qe6 19. Qd3 Nxd2 20. Qxd2 Bf5 21.
Nxf5 Qxf5 22. Qe2 Rae8 23. Qf3 1/2-1/2

[Event "SR 4. liga A21 2009/2010"]
[Site "?"]
[Date "2010.01.10"]
[Round "6.2"]
[White "Klimesova, Lucia"]
[Black "Smrek, Peter"]
[Result "0-1"]
[WhiteElo "1522"]
[BlackElo "1919"]
[PlyCount "102"]
[EventDate "2010.??.??"]

1. e4 d6 2. d4 g6 3. Nf3 Bg7 4. Be2 Nc6 5. Be3 e5 6. d5 Nce7 7. c4 f5 8. Nc3
Nf6 9. exf5 gxf5 10. Bg5 h6 11. Bh4 Ng6 12. Bxf6 Qxf6 13. Qc2 Bd7 14. O-O-O a6
15. h3 Nh4 16. g3 Nxf3 17. Bxf3 O-O-O 18. Rhf1 h5 19. h4 f4 20. Qe2 Bh6 21. Kb1
Qg6+ 22. Ka1 fxg3 23. Bxh5 Qg7 24. Rg1 g2 25. Bf3 Bh3 26. Ne4 Bf4 27. Ng5 Bxg5
28. Bg4+ Kb8 29. Bxh3 Rxh4 30. Bxg2 Qf6 31. Be4 Rh2 32. Rg2 Rdh8 33. f3 Qf4 34.
Rf1 Rxg2 35. Qxg2 Rh2 36. Qg1 Qd2 37. Rb1 Be3 38. Qd1 Qb4 39. Qb3 Qxb3 40. axb3
Bd4 41. Ka2 Ka7 42. b4 a5 43. bxa5 Ka6 44. Ka3 Kxa5 45. b4+ Kb6 46. Kb3 c6 47.
Rc1 Rb2+ 48. Ka3 c5 49. b5 Rb4 50. Bd3 Bb2+ 51. Ka2 Bxc1 0-1

[Event "SR 4. liga A21 2009/2010"]
[Site "?"]
[Date "2010.01.10"]
[Round "6.2"]
[White "Krchnak, Rudolf"]
[Black "Husek, Lubomir"]
[Result "1/2-1/2"]
[WhiteElo "1914"]
[BlackElo "1749"]
[PlyCount "59"]
[EventDate "2010.??.??"]

1. d4 d5 2. Nc3 e6 3. Nf3 Nf6 4. Bg5 Be7 5. e3 O-O 6. Bd3 h6 7. Bh4 a6 8. O-O
b5 9. Ne2 Bb7 10. c3 Nbd7 11. h3 c5 12. dxc5 Nxc5 13. Bc2 Nh7 14. Bg3 Nf6 15.
Ned4 Rc8 16. Re1 Re8 17. Nd2 Bd6 18. Bxd6 Qxd6 19. N4b3 e5 20. Nxc5 Qxc5 21.
Nf3 Qc6 22. Rc1 Qe6 23. Bb3 Qb6 24. Re2 Rcd8 25. Re1 e4 26. Nd4 Re5 27. f4 exf3
28. Qxf3 Rde8 29. Re2 Ne4 30. Bc2 1/2-1/2

[Event "SR 4. liga A21 2009/2010"]
[Site "?"]
[Date "2010.01.10"]
[Round "6.2"]
[White "Lajda, Dusan"]
[Black "Klimes, Karel"]
[Result "1/2-1/2"]
[WhiteElo "1872"]
[BlackElo "1531"]
[PlyCount "42"]
[EventDate "2010.??.??"]

1. e4 e5 2. Nf3 Nf6 3. Nc3 d6 4. h3 Be6 5. d3 Be7 6. b3 Nc6 7. Bb2 h6 8. Ne2
Nh5 9. d4 exd4 10. Nfxd4 Nxd4 11. Bxd4 Bf6 12. g4 Bxd4 13. Qxd4 Nf6 14. Ng3 Rg8
15. O-O-O Nd7 16. f4 Nb6 17. Bg2 Qe7 18. a4 Rd8 19. Nf5 Qf8 20. Rhe1 g6 21. Ng3
Qg7 1/2-1/2

[Event "SR 4. liga A21 2009/2010"]
[Site "?"]
[Date "2010.01.10"]
[Round "6.2"]
[White "Wallner, Juraj"]
[Black "Bjel, Lubos"]
[Result "0-1"]
[WhiteElo "1415"]
[BlackElo "1621"]
[PlyCount "84"]
[EventDate "2010.??.??"]

1. c4 e6 2. d4 b6 3. Nc3 Bb7 4. e3 Nf6 5. Nf3 Bb4 6. Bd2 Qe7 7. a3 Bxc3 8. Bxc3
Ne4 9. Bb4 d6 10. Bd3 a5 11. Bxe4 Bxe4 12. Bc3 O-O 13. d5 Nd7 14. Qd4 Nf6 15.
dxe6 fxe6 16. O-O e5 17. Qd1 Bxf3 18. gxf3 Rf7 19. Kh1 Raf8 20. Rg1 Qd7 21. b3
Qc6 22. e4 Nxe4 23. fxe4 Qxe4+ 24. Rg2 Rxf2 25. Qd5+ Qxd5 26. cxd5 R8f3 27.
Rxf2 Rxf2 28. b4 Rc2 29. Be1 a4 30. Kg1 Kf7 31. Bh4 Kg6 32. Bf2 Kf5 33. Re1 Rc3
34. Re3 Rxe3 35. Bxe3 Ke4 36. Kf2 Kxd5 37. Ke2 Kc4 38. Bc1 b5 39. Kd2 d5 40.
Kc2 e4 41. h4 d4 42. h5 g6 0-1

[Event "SR 4. liga A21 2009/2010"]
[Site "?"]
[Date "2010.01.10"]
[Round "6.3"]
[White "Davidik, Miroslav"]
[Black "Oravec, Pavol"]
[Result "1/2-1/2"]
[WhiteElo "1515"]
[BlackElo "1000"]
[PlyCount "51"]
[EventDate "2010.??.??"]

1. c4 Nf6 2. Nc3 e6 3. e4 Nc6 4. d4 Bb4 5. Qd3 d5 6. cxd5 exd5 7. e5 Ne4 8. a3
Bxc3+ 9. bxc3 O-O 10. Nf3 Bf5 11. Qe3 Re8 12. Bb5 Nd6 13. Bxc6 bxc6 14. O-O Nc4
15. Qf4 Bd3 16. Re1 Qd7 17. Qg3 Bg6 18. Bf4 Rab8 19. Rec1 Rb2 20. Kh1 Reb8 21.
Ng1 R8b3 22. a4 Qf5 23. Nh3 h6 24. Qh4 Qd7 25. Qg3 Kh7 26. Qh4 1/2-1/2

[Event "SR 4. liga A21 2009/2010"]
[Site "?"]
[Date "2010.01.10"]
[Round "6.3"]
[White "Gubis, Vladimir"]
[Black "Vogl, Zdenek"]
[Result "1/2-1/2"]
[WhiteElo "1786"]
[BlackElo "1887"]
[PlyCount "47"]
[EventDate "2010.??.??"]

1. d4 Nf6 2. c4 e6 3. Nf3 b6 4. g3 Bb7 5. Bg2 Bb4+ 6. Bd2 Bxd2+ 7. Nbxd2 O-O 8.
O-O d5 9. Rc1 Nbd7 10. Re1 c5 11. cxd5 Nxd5 12. dxc5 Nxc5 13. Nb3 Nxb3 14. Qxb3
Rc8 15. Qa4 Rxc1 16. Rxc1 Qb8 17. Qd4 Rc8 18. Qd2 Rc7 19. Ne1 g6 20. a3 Rxc1
21. Qxc1 Nf6 22. Qc3 Bxg2 23. Nxg2 Nd5 24. Qc2 1/2-1/2

[Event "SR 4. liga A21 2009/2010"]
[Site "?"]
[Date "2010.01.10"]
[Round "6.3"]
[White "Leska, Marian"]
[Black "Sedlak, Rastislav"]
[Result "0-1"]
[WhiteElo "1668"]
[BlackElo "1562"]
[PlyCount "68"]
[EventDate "2010.??.??"]

1. d4 d5 2. c4 c6 3. e3 Bf5 4. Nc3 Nf6 5. Nf3 e6 6. Be2 Bb4 7. Bd2 O-O 8. O-O
h6 9. Ne5 Nbd7 10. f4 Nb6 11. c5 Nbd7 12. a3 Bxc3 13. Bxc3 Ne4 14. Be1 Nxe5 15.
fxe5 Qg5 16. Qc1 Bh3 17. Bf3 Bf5 18. Kh1 Rfc8 19. b4 b5 20. Bxe4 Bxe4 21. Qd2
Rf8 22. Bg3 f5 23. Qf2 a5 24. Bh4 Bxg2+ 25. Qxg2 Qxh4 26. Rg1 g5 27. Raf1 axb4
28. axb4 Ra4 29. Rb1 Ra3 30. Rge1 Rfa8 31. Re2 Ra1 32. Reb2 R8a3 33. Qd2 Qe4+
34. Kg1 Rxb1+ 0-1

[Event "SR 4. liga A21 2009/2010"]
[Site "?"]
[Date "2010.01.10"]
[Round "6.3"]
[White "Vepy, Ivan"]
[Black "Orvisky, Vladimir"]
[Result "1-0"]
[WhiteElo "1920"]
[BlackElo "1883"]
[PlyCount "75"]
[EventDate "2010.??.??"]

1. e4 Nf6 2. Nc3 e5 3. Nf3 Nc6 4. a3 Bc5 5. Bc4 O-O 6. O-O d6 7. h3 Bd7 8. d3
h6 9. Na4 Bb6 10. Nxb6 axb6 11. Be3 Qe7 12. Qd2 Be6 13. Ba2 Bxa2 14. Rxa2 d5
15. exd5 Nxd5 16. Raa1 f5 17. Rae1 Qf6 18. Qc1 Rae8 19. Bd2 Re6 20. b4 b5 21.
c4 bxc4 22. dxc4 Nb6 23. b5 Ne7 24. Bb4 Re8 25. Rd1 c6 26. Qc2 cxb5 27. cxb5
Ned5 28. Ba5 Rc8 29. Qb3 Rd8 30. Bxb6 Rxb6 31. Rxd5 Rxd5 32. Qxd5+ Kh7 33. Re1
e4 34. Nd4 Kg6 35. Re3 f4 36. Qxe4+ Kg5 37. Rg3+ fxg3 38. Qg4# 1-0

[Event "SR 4. liga A21 2009/2010"]
[Site "?"]
[Date "2010.01.10"]
[Round "6.3"]
[White "Veres, Marcel"]
[Black "Bartos, Bohumil"]
[Result "0-1"]
[WhiteElo "1526"]
[BlackElo "1572"]
[PlyCount "94"]
[EventDate "2010.??.??"]

1. e4 e5 2. Nf3 Nc6 3. Bc4 Bc5 4. Nc3 Nf6 5. d3 d6 6. h3 O-O 7. Bg5 Na5 8. Nd5
Nxc4 9. dxc4 Bxf2+ 10. Ke2 Bg3 11. Nxf6+ gxf6 12. Bh6 Re8 13. Qd2 Kh8 14. Rad1
Be6 15. b3 Rg8 16. Rhg1 Qd7 17. c5 Qb5+ 18. c4 Qxc5 19. Be3 Qc6 20. Qc2 b6 21.
Rdf1 Rg6 22. Bf2 Rag8 23. Nh4 Bxh4 24. Bxh4 Rxg2+ 25. Rxg2 Rxg2+ 26. Rf2 Rxf2+
27. Kxf2 Kg7 28. Ke3 Qc5+ 29. Kf3 Qg1 30. Qg2+ Qxg2+ 31. Kxg2 Kg6 32. Kg3 c6
33. Kg2 d5 34. cxd5 cxd5 35. exd5 Bxd5+ 36. Kf2 b5 37. Ke3 f5 38. Bf2 a6 39. h4
h5 40. Be1 f4+ 41. Kd3 Kf5 42. Ke2 e4 43. Kd2 Kg4 44. Ke2 f5 45. Kd2 f3 46. Bf2
f4 47. Ke1 e3 0-1

[Event "SR 4. liga A21 2009/2010"]
[Site "?"]
[Date "2010.01.10"]
[Round "6.4"]
[White "Bardik, Jozef"]
[Black "Jozefek, Michal"]
[Result "1/2-1/2"]
[WhiteElo "1813"]
[BlackElo "1902"]
[PlyCount "41"]
[EventDate "2010.??.??"]

1. d4 Nf6 2. c4 g6 3. Nc3 Bg7 4. e4 d6 5. f4 O-O 6. Be2 e5 7. fxe5 dxe5 8. d5
Na6 9. Be3 Ng4 10. Bxg4 Qh4+ 11. Bf2 Qxg4 12. Qxg4 Bxg4 13. h3 Bd7 14. Nge2 f5
15. O-O Nb4 16. Bc5 Nd3 17. Ba3 Rfe8 18. Ng3 f4 19. Rf3 Nxb2 20. Bxb2 fxg3 21.
Rxg3 1/2-1/2

[Event "SR 4. liga A21 2009/2010"]
[Site "?"]
[Date "2010.01.10"]
[Round "6.4"]
[White "Danada, Tomas"]
[Black "Nemsak, Denis"]
[Result "1/2-1/2"]
[WhiteElo "1772"]
[BlackElo "1645"]
[PlyCount "51"]
[EventDate "2010.??.??"]

1. Nc3 f5 2. e4 fxe4 3. Nxe4 Nf6 4. Nxf6+ exf6 5. Bd3 g6 6. Qe2+ Qe7 7. b3 d5
8. Bb2 Qxe2+ 9. Nxe2 Kf7 10. O-O Nd7 11. Nf4 c6 12. c4 Bd6 13. Ne2 Ne5 14. Bxe5
Bxe5 15. Rac1 Be6 16. f4 Bb2 17. Rc2 Ba3 18. f5 gxf5 19. Bxf5 Bxf5 20. Rxf5
Rae8 21. Kf1 dxc4 22. Rxc4 Bd6 23. g3 Re5 24. Rxe5 Bxe5 25. d4 Bd6 26. Kf2
1/2-1/2

[Event "SR 4. liga A21 2009/2010"]
[Site "?"]
[Date "2010.01.10"]
[Round "6.4"]
[White "Fabry, Marko"]
[Black "Gasa, Patrik"]
[Result "0-1"]
[WhiteElo "1000"]
[BlackElo "1465"]
[PlyCount "94"]
[EventDate "2010.??.??"]

1. e4 c5 2. Nc3 d6 3. Nf3 Nf6 4. Bc4 g6 5. O-O Bg7 6. d3 O-O 7. a4 e6 8. Bg5 h6
9. Bh4 b6 10. e5 dxe5 11. Nxe5 Nbd7 12. Qe2 Qc7 13. Bg3 Nh5 14. Nxd7 Nxg3 15.
hxg3 Bxd7 16. Ne4 Bxb2 17. Ra2 Bg7 18. Qd2 a6 19. c3 Rfd8 20. d4 Bc6 21. Re1
cxd4 22. Qe2 dxc3 23. Nxc3 Bxc3 24. Rc1 Bd4 25. Ra3 Bc5 26. Rb3 Bxa4 27. Rd3
Rxd3 28. Qxd3 b5 29. Ba2 Bxf2+ 30. Kf1 Qxc1+ 31. Kxf2 Qc2+ 32. Qe2 Rc8 33. Qxc2
Rxc2+ 34. Kf3 Rxa2 35. g4 b4 36. g3 b3 37. g5 b2 38. gxh6 b1=Q 39. h7+ Kg7 40.
Kf4 Ra3 41. h8=Q+ Kxh8 42. g4 Bd1 43. Kg5 Rf3 44. Kh6 Be2 45. Kg5 Rf5+ 46. gxf5
Qxf5+ 47. Kh6 Qf4# 0-1

[Event "SR 4. liga A21 2009/2010"]
[Site "?"]
[Date "2010.01.10"]
[Round "6.4"]
[White "Nemeckay, Rastislav"]
[Black "Fedorko, Tomas"]
[Result "1-0"]
[WhiteElo "1780"]
[BlackElo "1379"]
[PlyCount "123"]
[EventDate "2010.??.??"]

1. e4 g6 2. d4 d6 3. f4 Nf6 4. Nc3 Bg7 5. Nf3 O-O 6. Be2 b6 7. O-O Bb7 8. e5
Nd5 9. Nxd5 Bxd5 10. c4 Be4 11. Ng5 d5 12. cxd5 Bxd5 13. Bf3 Nc6 14. Be3 Qd7
15. Qd2 f5 16. Rfc1 h6 17. Bxd5+ Qxd5 18. Nf3 Rac8 19. Qc3 Nd8 20. Qa3 Nc6 21.
Rc3 a5 22. Rac1 Nb4 23. Rxc7 Rxc7 24. Rxc7 Re8 25. b3 Qe4 26. Bd2 Qb1+ 27. Rc1
Qd3 28. Qb2 Nd5 29. Qc2 Qb5 30. Qc6 Qxc6 31. Rxc6 Rd8 32. Kf1 h5 33. Rxg6 Rc8
34. Ne1 Kf7 35. Rg3 Bh6 36. Rf3 Nc7 37. Rc3 Bf8 38. Rc6 Ke8 39. Rxb6 Nd5 40.
Rb5 e6 41. Rxa5 Bh6 42. g3 Rb8 43. Ke2 Bf8 44. Nd3 Be7 45. Nc5 Kf7 46. Ra7 Rc8
47. b4 Kf8 48. Nxe6+ Ke8 49. Nc5 Bxc5 50. dxc5 Rd8 51. b5 Ne7 52. c6 Nd5 53. a4
Nb6 54. Ba5 Rb8 55. Bxb6 Rxb6 56. Rb7 Rxb7 57. cxb7 Kd7 58. b8=Q Ke7 59. Qc7+
Kf8 60. b6 Ke8 61. b7 Kf8 62. b8=R# 1-0

[Event "SR 4. liga A21 2009/2010"]
[Site "?"]
[Date "2010.01.10"]
[Round "6.4"]
[White "Strapko, Tomas"]
[Black "Nemeckayova, Monika"]
[Result "1-0"]
[WhiteElo "1595"]
[BlackElo "1751"]
[PlyCount "35"]
[EventDate "2010.??.??"]

1. d4 Nf6 2. c4 g6 3. Nc3 Bg7 4. e4 d6 5. f4 Na6 6. Nf3 O-O 7. Be2 e5 8. O-O
exd4 9. Nxd4 Nc5 10. Bf3 Re8 11. Re1 Qe7 12. Nd5 Nxd5 13. cxd5 f5 14. b4 Bxd4+
15. Qxd4 Nxe4 16. Bb2 Rf8 17. Bxe4 fxe4 18. Rxe4 1-0

[Event "SR 4. liga A21 2009/2010"]
[Site "?"]
[Date "2010.01.10"]
[Round "6.5"]
[White "Beran, Jan"]
[Black "Kubis, Ivan"]
[Result "0-1"]
[WhiteElo "1931"]
[BlackElo "2025"]
[PlyCount "64"]
[EventDate "2010.??.??"]

1. e4 e5 2. Nf3 Nc6 3. Bb5 a6 4. Ba4 Nf6 5. O-O b5 6. Bb3 Be7 7. Re1 O-O 8. d4
Nxd4 9. Nxd4 exd4 10. e5 Ne8 11. Bd5 Rb8 12. Qxd4 c5 13. Qg4 d6 14. Qg3 dxe5
15. Qxe5 Bd6 16. Qg5 Nf6 17. Bf3 h6 18. Qh4 Bf5 19. c4 Re8 20. Be3 bxc4 21.
Qxc4 Bd3 22. Qc1 c4 23. Nc3 Be5 24. Ba7 Bxh2+ 25. Kh1 Rxe1+ 26. Qxe1 Rxb2 27.
Nd1 Rb5 28. a4 Rg5 29. Be3 Be5 30. Rc1 Rg6 31. Qb4 Nd5 32. Bxd5 Qh4+ 0-1

[Event "SR 4. liga A21 2009/2010"]
[Site "?"]
[Date "2010.01.10"]
[Round "6.5"]
[White "Lanik, Miroslav"]
[Black "Kubik, Peter"]
[Result "1/2-1/2"]
[WhiteElo "1745"]
[BlackElo "1583"]
[PlyCount "47"]
[EventDate "2010.??.??"]

1. e4 e5 2. Nf3 Nc6 3. Bb5 Nf6 4. O-O Nxe4 5. d4 Nd6 6. Bxc6 dxc6 7. dxe5 Nf5
8. Qe2 Nd4 9. Nxd4 Qxd4 10. Nc3 Bg4 11. Qe4 O-O-O 12. Bg5 Rd7 13. Qxd4 Rxd4 14.
Be3 Rd7 15. f4 Bf5 16. Rac1 Be7 17. Ne2 Rd5 18. Nd4 Be4 19. c4 Rd7 20. e6 fxe6
21. Nxe6 Bf6 22. Nc5 Bd4 23. Bxd4 Rxd4 24. Ne6 1/2-1/2

[Event "SR 4. liga A21 2009/2010"]
[Site "?"]
[Date "2010.01.10"]
[Round "6.5"]
[White "Planka, Peter"]
[Black "Tokos, Rastislav"]
[Result "0-1"]
[WhiteElo "1776"]
[BlackElo "1926"]
[PlyCount "80"]
[EventDate "2010.??.??"]

1. e4 c5 2. Nf3 Nc6 3. d4 cxd4 4. Nxd4 Nf6 5. Nc3 a6 6. Nxc6 dxc6 7. Qxd8+ Kxd8
8. Bc4 e6 9. Bg5 Be7 10. Be2 h6 11. O-O-O+ Ke8 12. Bd2 b5 13. e5 Nd5 14. Nxd5
exd5 15. f4 Bc5 16. g4 Bb6 17. Bf3 Bb7 18. h4 Rd8 19. g5 hxg5 20. hxg5 Rxh1 21.
Rxh1 g6 22. Bb4 c5 23. Be1 Ke7 24. Bf2 a5 25. a3 b4 26. axb4 axb4 27. Rd1 Rd7
28. Kd2 Ba6 29. Ke1 d4 30. c3 bxc3 31. bxc3 Ba5 32. Kd2 Bxc3+ 33. Kc2 Bc4 34.
Rb1 Kf8 35. Rb8+ Kg7 36. Rc8 Bb4 37. Kd1 Ra7 38. Ra8 Rxa8 39. Bxa8 d3 40. Be3
Bb3+ 0-1

[Event "SR 4. liga A21 2009/2010"]
[Site "?"]
[Date "2010.01.10"]
[Round "6.5"]
[White "Vach, Jozef"]
[Black "Palka, Martin"]
[Result "1/2-1/2"]
[WhiteElo "1907"]
[BlackElo "1889"]
[PlyCount "62"]
[EventDate "2010.??.??"]

1. d4 Nf6 2. Nf3 d5 3. c4 c6 4. Nc3 e6 5. e3 Nbd7 6. a4 Bd6 7. cxd5 exd5 8. Bd3
O-O 9. O-O Re8 10. b3 Nf8 11. Ba3 Bg4 12. Bxd6 Qxd6 13. Rb1 Ne4 14. Ne2 Qf6 15.
Bxe4 dxe4 16. Ne5 Bh5 17. Qc2 Ng6 18. Ng3 Qh4 19. Qxe4 Qxe4 20. Nxe4 Nxe5 21.
dxe5 Rxe5 22. Nd6 Rd5 23. Nc4 Rad8 24. f3 f5 25. h3 Bf7 26. Kf2 Rd3 27. Ne5
Rd2+ 28. Kg3 Be6 29. Rf2 Kf8 30. Rb2 Rxb2 31. Rxb2 Ke7 1/2-1/2

[Event "SR 4. liga A21 2009/2010"]
[Site "?"]
[Date "2010.01.10"]
[Round "6.6"]
[White "Bjel, Jan"]
[Black "Skapik, Branislav"]
[Result "1-0"]
[WhiteElo "1837"]
[BlackElo "1847"]
[PlyCount "79"]
[EventDate "2010.??.??"]

1. e4 e5 2. Nf3 Nc6 3. Bb5 a6 4. Ba4 Nf6 5. O-O b5 6. Bb3 d6 7. h3 Be7 8. c3
Na5 9. Bc2 O-O 10. d4 Bb7 11. Re1 Nd7 12. Nbd2 c5 13. Nf1 cxd4 14. cxd4 Nc6 15.
Be3 Re8 16. Ng3 g6 17. Rc1 Na5 18. b3 Nc6 19. Qd2 Bf8 20. d5 Ne7 21. Nh2 f6 22.
f4 Bg7 23. Ng4 f5 24. exf5 Nxd5 25. Be4 Nxe3 26. Bxb7 Nxg4 27. Bxa8 Qb6+ 28.
Kh1 Nf2+ 29. Kh2 Rxa8 30. Qd5+ Kf8 31. Qxa8+ Ke7 32. Rc8 Nf6 33. Qf3 h5 34. Rc2
N6g4+ 35. hxg4 Nxg4+ 36. Kh1 gxf5 37. Nxf5+ Kf6 38. Nxg7 Kxg7 39. fxe5 Qd8 40.
Rf1 1-0

[Event "SR 4. liga A21 2009/2010"]
[Site "?"]
[Date "2010.01.10"]
[Round "6.6"]
[White "Jakubec, Milan"]
[Black "Spacek, Oliver"]
[Result "1-0"]
[WhiteElo "2039"]
[BlackElo "1779"]
[PlyCount "61"]
[EventDate "2010.??.??"]

1. e4 c5 2. Nc3 Nc6 3. g3 g6 4. Bg2 Bg7 5. Nge2 e6 6. d3 Nge7 7. Be3 d6 8. Qd2
a6 9. d4 cxd4 10. Nxd4 O-O 11. O-O-O d5 12. exd5 Nxd5 13. Nxd5 exd5 14. h4 Bg4
15. f3 Bc8 16. h5 Re8 17. hxg6 hxg6 18. Nxc6 bxc6 19. Bd4 f6 20. g4 Qc7 21. Qc3
Re6 22. Kb1 g5 23. Bf1 Bd7 24. Bd3 Kf7 25. Bf5 Ree8 26. Rh7 Bxf5 27. gxf5 Rg8
28. Rdh1 Qd6 29. f4 gxf4 30. Qh3 Kf8 31. Qg4 1-0

[Event "SR 4. liga A21 2009/2010"]
[Site "?"]
[Date "2010.01.10"]
[Round "6.6"]
[White "Pericka, Tomas"]
[Black "Kramarik, Peter"]
[Result "1-0"]
[WhiteElo "1910"]
[BlackElo "2017"]
[PlyCount "71"]
[EventDate "2010.??.??"]

1. e4 d5 2. exd5 Qxd5 3. Nc3 Qa5 4. d4 Nf6 5. Bc4 c6 6. Bd2 Bg4 7. f3 Bh5 8. g4
Bg6 9. h4 h6 10. Nge2 Nbd7 11. Nf4 Qc7 12. Nxg6 Qg3+ 13. Kf1 fxg6 14. Qe2 O-O-O
15. Be6 Qd6 16. Rd1 Kb8 17. Be1 Nb6 18. Kg2 Nfd5 19. Nxd5 Nxd5 20. Bg3 Nf4+ 21.
Bxf4 Qxf4 22. Qe5+ Qxe5 23. dxe5 Rxd1 24. Rxd1 b6 25. Rd8+ Kc7 26. Rc8+ Kb7 27.
Re8 Ka6 28. Bf7 Kb5 29. e6 g5 30. Bg6 gxh4 31. Kh3 Kc5 32. Rd8 a5 33. Kxh4 h5
34. gxh5 Kc4 35. Kg4 a4 36. Kf4 1-0